000
00306nam a22001337a 4500
008
171010b xxu||||| |||| 00| 0 eng d
020
_a
9780416337808
041
_a
eng
080
_a
316
100
_a
50
101
_a
SOC
245
_a
SOCIAL INTERACTION AND ITS MANAGEMENT
_c
CAHAGAN,J
942
_2
udc
_c
BK
999
_c
32834
_d
32834